Construcción del desarrollo rural en Chile apuntes para abordar el tema desde una perspectiva de la sociedad civil

La construcción del desarrollo rural en Chile ha sido asimétrica y excluyente. La participación de los habitantes de las zonas rurales no se ha incorporado en este proceso con la suficiente influencia para dirigir las acciones que les afectan. Las estrategias...

Full description

Bibliographic Details
Main Author: Pezo O., Luis
Format: Analitica de revista
Language:Spanish
Published: Santiago, Chile : Universidad de Chile, 2007.
Online Access:Acceso electrónico al documento

MARC

LEADER 00000nam a22000007a 4500
008 250926s2007 cl |||| |||| 00| 0 spa d
040 |a UAHC  |c UAHC 
100 |a Pezo O., Luis  |9 22333 
245 |a Construcción del desarrollo rural en Chile  |b apuntes para abordar el tema desde una perspectiva de la sociedad civil   |c Luis Pezo O.  
260 |a Santiago, Chile :  |b Universidad de Chile,  |c 2007. 
300 |a 23 páginas. 
500 |a En: Revista del magister en análisis sistémico aplicado a la sociedad, número 17, entre las páginas 90-112.  
520 |a La construcción del desarrollo rural en Chile ha sido asimétrica y excluyente. La participación de los habitantes de las zonas rurales no se ha incorporado en este proceso con la suficiente influencia para dirigir las acciones que les afectan. Las estrategias y enfoques que se han desplegado han tenido baja efectividad frente a procesos mayores que han aumentado las desigualdades y exclusiones en el medio rural. Es necesario abrir caminos hacia nuevas formas de construcción del desarrollo rural, mediante procesos democráticos en que la sociedad civil sea protagonista, lo que implica pensar también en transformaciones políticas y sociales mayores. 
856 |y Acceso electrónico al documento  |u https://revistamad.uchile.cl/index.php/RMAD/article/view/13940/14232 
942 |c REVA  |2 ddc 
952 |0 0  |1 0  |2 ddc  |4 0  |6 RECURSO_ELECTRÓNICO  |7 0  |8 COMP  |9 101337  |a BR  |b BR  |c Digital  |d 2025-09-26  |l 0  |o Recurso electrónico  |r 2025-09-26 17:25:34  |w 2025-09-26  |y REVA  |B SOC 
999 |c 63057  |d 63057